Normal view MARC view
  • AHMAD SAOOD AHMAD BIN NISAR MUHAMMAD DANISH ARSHAD MUHAMMAD MUNEEB JAVED

Entry Personal Name

Number of records used in: 1

001 - CONTROL NUMBER

  • control field: 85605

003 - CONTROL NUMBER IDENTIFIER

  • control field: NUST

005 - DATE AND TIME OF LATEST TRANSACTION

  • control field: 20211203115327.0

008 - FIXED-LENGTH DATA ELEMENTS

  • fixed length control field: 211203|| aca||aabn | a|a d

040 ## - CATALOGING SOURCE

  • Original cataloging agency: NUST
  • Transcribing agency: NUST

100 ## - HEADING--PERSONAL NAME

  • Personal name: AHMAD SAOOD AHMAD BIN NISAR MUHAMMAD DANISH ARSHAD MUHAMMAD MUNEEB JAVED

670 ## - SOURCE DATA FOUND

  • Source citation: Work cat.: (NUST): AHMAD SAOOD AHMAD BIN NISAR MUHAMMAD DANISH ARSHAD MUHAMMAD MUNEEB JAVED, PR-SOF-2043-Motion Planning of an autonomous Vehicle, 2021.
© 2023 Central Library, National University of Sciences and Technology. All Rights Reserved.